000 00515nam a2200157Ia 4500
008 220216s9999 xx 000 0 und d
100 _aPremakumari D.
245 0 _aDevelopment of epicuticular wax and cuticular ornamentation in Hevea brasiliensis (Willd. ex. Adr.de Juss.) Muell. Arg.
260 _bIndian Journal of Natural Rubber Research
_c1989
300 _a55-60
650 _aCuticular ornamentation
650 _aEpicuticular wax
700 _aPanikkar A.O.N.
700 _aSethuraj M.R.
942 _cBS
999 _c49016
_d49016